000 00980nam2a2200205 4500
001 RU\NLR\PER_A\002523976_000850
005 20250626115154.0
035 _a(NLR Aleph) 011718703
090 _a11470875
_c11470875
100 _a20180604d2017 |||y0rusy50 ca
101 0 _arus
102 _aRU
200 0 _a2017, № 4
210 _d2017
_aБ. м.
461 0 _1001RU\NLR\INFOCOMM19\1000062179
_12001#$aВестник Международной академии холода$dBulletin of the International academy of refrigeration$eНауч.-теорет. журн.$zeng$v2017, № 4
_92788959
_aМеждународная академия холода (Санкт-Петербург)
_cСПб.
_d1998 -
_lBulletin of the International academy of refrigeration
_nБ. и.
_oНауч.-теорет. журн.
_tВестник Международной академии холода
_v2017, № 4
852 _aNLR
_jП11/4168
942 _cISSUE
980 _aNB
980 _aRUSPER